| 000 | 00680cam a22002417a 4500 | ||
|---|---|---|---|
| 003 | CHAP | ||
| 005 | 20220329141533.0 | ||
| 008 | 971013s r 00010 d | ||
| 010 | _a69808 | ||
| 011 | _a70780 | ||
| 035 | _a80333 | ||
| 040 | _cCHAP | ||
| 090 | _aR-2,655 | ||
| 100 | 0 | 0 |
_aKrishnamurthy, K. H. _963937 |
| 245 | 0 | _aIndian Grain Storage Institute | |
| 500 | _aSobretiro de : Tropical stored Prod. Inf. 31: 49-53, 1976 | ||
| 590 |
_aBATCH-UPD _b10 _c20130110 _lUCH01 _h1204 |
||
| 590 |
_aCONVERSION _b10 _c20130109 _lUCH01 _h1338 |
||
| 650 | 1 | 4 |
_aCereales _xAlmacenamiento. _921373 |
| 901 | _aBK | ||
| 942 | _cREIMP | ||
| 949 |
_aR-2655 _bBC _cR _d-33235 _eTS1 _i80333 _si |
||
| 999 |
_c69808 _d69808 |
||